Výtvarná výchova v 3. a 4. ročníku ZŠ metodická príručka

Bibliographic Details
Main Authors: Macko, Anton, 1912-2005 (Author), Nevřelová, Otília (Author)
Format: Book
Language:Slovak
PhysicalDescription:223 strán fotografie (čiastočne farebné), ilustrácie (prevažne farebné) 25 cm
Published: Bratislava Slovenské pedagogické nakladateľstvo 1986
Edition:3. preprac. vyd.
Subjects:

MARC

LEADER 00000cam a2200000 a 4500
001 vtls001089147
003 SK-MaSNL
005 20260301233055.0
008 240226s1986 xo oa frnf 000 0 slo
015 |a SNBA1986/10 
020 |q (viazané) 
035 |a SNK000031987 
035 |a AA875C3D-E188-4411-AFF6-B2E4E90B1D21 
035 |a urn:nbn:sk:snk-am00ih18 
040 |a SNK  |b slo  |c SNK  |e AACR2 
041 0 |a slo 
044 |a xo  |c SK 
072 7 |a 72/76  |x Výtvarné umenie  |2 konspekt 
080 |a 371.3:372.878(072)  |2 1997 
080 |a 372.878(072)  |2 1997 
080 |a 72/76:37.016  |2 2011 
080 |a 37.016.026  |2 2011 
080 |a 373.3  |2 2011 
080 |a (072)  |2 2011 
100 1 |a Macko, Anton,  |d 1912-2005  |4 aut  |9 114611 
245 1 0 |a Výtvarná výchova v 3. a 4. ročníku ZŠ  |b metodická príručka  |c Anton Macko, Otília Nevřelová 
250 |a 3. preprac. vyd. 
260 |a Bratislava  |b Slovenské pedagogické nakladateľstvo  |c 1986  |e Banská Bystrica  |f Tlačiarne SNP 
300 |a 223 strán  |b fotografie (čiastočne farebné), ilustrácie (prevažne farebné)  |c 25 cm 
366 |e 21500 výtl. 
500 |a Obsahuje slovník pojmov a zoznam učebných pomôcok 
504 |a Bibliografia na strane 222-223 
650 0 7 |a výtvarná výchova  |2 SNKPH  |9 2777 
650 0 7 |a základné školy  |2 SNKPH  |9 1280 
650 0 7 |a didaktika vyučovacích predmetov  |2 SNKPH  |9 4030 
655 7 |a metodické príručky  |2 SNKPH  |9 70250 
700 1 |a Nevřelová, Otília  |4 aut  |9 6307 
852 |a Slovenská národná knižnica 
954 |a odborná, vedecká literatúra pôvodná (slovenská)  |2 lita 
958 |a OND 
958 |a UO 
958 |a NB 
958 |a TL 
958 |a EUIPO 
999 |c 964355  |d 966285 
952 |t P60, <04>, [BOOK], {604}  |a SNK  |b SNK  |y VYP  |7 0  |p 17A0117696  |o snkSC 66822 D1  |0 0  |1 0  |4 0  |d 1998-01-12  |l 0  |r 2004-12-31 00:00:00  |w 2026-02-24 
952 |a SNK  |b SNK  |y PREZ  |7 0  |p 17A0933735  |o snkSC 66822  |i snkKSP 6185/86  |0 0  |1 0  |4 0  |d 2012-08-16  |f 1  |l 0  |r 2025-07-08 00:00:00  |w 2026-02-24 
952 |a SNKLM  |b SNKLM  |y NEVYP  |7 0  |o snklmKK 538  |i snklm439/2001  |8 7  |0 0  |1 0  |4 0  |d 2006-04-12  |l 0  |r 2026-02-24 10:32:20  |w 2026-02-24